| Поле | Инд. | ПП | Название | Значение |
|---|---|---|---|---|
| Тип записи | a | |||
| Библиографический уровень | b | |||
| 001 | Контрольный номер | RU/IS/BASE/103641359 | ||
| 005 | Дата корректировки | 20220429105403.3 | ||
| 084 | a | Индекс другой классификации/Индекс ББК | 65.9(2Рос)-551 | |
| 100 | 1_ | a | Автор | Зуев А. Г. |
| q | Полное имя | Зуев Андрей Георгиевич | ||
| 245 | a | Заглавие | Стартовые позиции и ориентиры | |
| 500 | a | Примечание | Начало. Продолжение в № 2, 2003 | |
| 504 | a | Библиография | Библиогр. сноски | |
| 520 | a | Аннотация | Социально-экономическая динамика современной России. Роль государства в инновационной экономике. Западный подход к инновационной стратегии. Логистика инновационного процесса. Российский венчур. Особенности отечественного образования. Функциональный вакуум российской науки. Инновационный проект для России | |
| 650 | a | Основная рубрика | экономика | |
| 653 | a | Ключевые слова | венчурные проекты | |
| a | Ключевые слова | внешнеполитические стратегии | ||
| a | Ключевые слова | внешнеэкономические связи | ||
| a | Ключевые слова | демографическая ситуация | ||
| a | Ключевые слова | демографический кризис | ||
| a | Ключевые слова | инновационная логистика | ||
| a | Ключевые слова | инновационная экономика | ||
| a | Ключевые слова | инновационные проекты | ||
| a | Ключевые слова | инновационные системы | ||
| a | Ключевые слова | инновационные стратегии | ||
| a | Ключевые слова | капитализация экономики | ||
| a | Ключевые слова | мировая торговля | ||
| a | Ключевые слова | модели капитализма | ||
| a | Ключевые слова | наука | ||
| a | Ключевые слова | наукоемкие производства | ||
| a | Ключевые слова | национальная инновационная система | ||
| a | Ключевые слова | образование | ||
| a | Ключевые слова | Россия | ||
| a | Ключевые слова | социально-экономическое развитие | ||
| a | Ключевые слова | экспорт | ||
| 700 | a | Автор | Мясникова Л. А. | |
| q | Полное имя | Мясникова Людмила Анатольевна | ||
| 773 | t | Заглавие источника | РИСК: ресурсы, информация, снабжение, конкуренция | |
| d | Дата издания источника | 2003 | ||
| g | Прочая информация | № 1. - С. 4 - 12 | ||
| w | Контрольный № источника | RU/IS/BASE/102175616 | ||
| 901 | t | Тип документа | b |